00000000nam##2200000za#4500
0019.612112
003CaOODSP
00520200327123931
007ta
008150406|1994||||xxc|||||     f|0| 0 eng|d
022 |a0706-6457
040 |aCaOODSP|beng
043 |an-cn---
0861 |aFs97-6/1995E
1101 |aCanada. |bDepartment of Fisheries and Oceans.
24510|aStudies on some riverine insect emergence traps : |beffects of sampling frequency and trap design / |cby J. F. Flannagan and D. G. Cobb.
260 |aOttawa - Ontario : |bFisheries and Oceans Canada |c1994.
300 |aiv, 10p. : |bfigs., graphs, references, tables ; |c28 cm.
4901 |aCanadian technical report of fisheries and aquatic sciences|x0706-6457|v1995
500 |aPrepared at the Central and Northern Region, Department of Fisheries and Oceans, Winnipeg, Manitoba R3T 2N6.
546 |aRésumés en français
563 |aSoftcover
69007|aFisheries|2gcpds
7201 |aFlannagan, J. F.
7201 |aCobb, D. G.
7760#|tStudies on some riverine insect emergence traps : |w(CaOODSP)9.573885
830#0|aCanadian technical report of fisheries and aquatic sciences,|x0706-6457|v1995|w(CaOODSP)9.514691